000 00583nam a2200229 a 4500
001 nice12345678
003 IN_TiNIC
005 20260116014811.0
008 111021s2011 newa grp 000 0 eng
020 _a9788189524609
_c30
082 0 0 _a306.098814
_bAMB
100 _aAmbedkar, B R
245 _aSpeeches at Round Table Conference
260 _aNew Delhi
_bCritical Quest
_c2011
300 _a40p
500 _aincludes index and biblioraphy
650 _aAmbedkar, B.R.-Philosophy
700 1 _aAmbedkar, B R
902 _bSRS
942 _cBK
999 _c17023
_d17023